| 000 | 00917nam a2200265Ia 4500 | ||
|---|---|---|---|
| 001 | Z_254 | ||
| 003 | CHAP | ||
| 008 | 220113s1986 xx 000 0 und d | ||
| 010 | _a163228 | ||
| 040 | _cCHAP | ||
| 090 | _aTesis A 439 | ||
| 100 |
_aAcosta Castro, Héctor _9640 |
||
| 245 |
_aIdentificación de problemas de la Unión de Sociedades de Producción Rural "Progreso" Mexicali, B. C. (Seminario de titulación) / _c Héctor Acosta Castro |
||
| 260 |
_aChapingo, Méx. : _bEl autor, _c1986 |
||
| 300 | _a124 p. | ||
| 502 | _aTesis (Ing. Agrónomo Esp. en Zootecnia) -- UACH. Departamento de Zootecnia | ||
| 650 |
_aAgricultura cooperativa _xBaja California I. Unión de Sociedades de Producción Rural "Progreso", Mexicali _9137536 |
||
| 650 |
_aAgricultura _xSociedades _xBaja California _91799 |
||
| 901 | _aTESIS A 439 | ||
| 902 | _aM | ||
| 910 | _a1986 | ||
| 942 | _c2 | ||
| 942 | _c2 | ||
| 999 |
_c163228 _d163228 |
||